| 000 | 00833nam a2200265Ia 4500 | ||
|---|---|---|---|
| 003 | OSt | ||
| 005 | 20220925184748.0 | ||
| 006 | a|||||r|||| 00| 0 | ||
| 007 | ta | ||
| 008 | 220923b |||||||| |||| 00| 0 eng d | ||
| 020 |
_a07546423644 _c4809.75 |
||
| 037 |
_b800, 01/08/2006, VIBHA BOOKS INTERNATIONAL _cGeneral Book |
||
| 040 |
_aRTL _cRTL _beng |
||
| 041 |
_2eng _aeng |
||
| 082 | _aX64:8, P5 | ||
| 100 |
_aPaganetto Luigi Ed. _9231296 |
||
| 245 | 0 | _aFinance markets, the new economy and growth | |
| 260 |
_aAldershot _bAshgate Publication _c2005 |
||
| 300 |
_axii, 184p _ccm. |
||
| 500 | _aBib chapterwise | ||
| 650 | _a Money Market Economics | ||
| 650 | _aCommerce | ||
| 942 |
_hX64:8, P5 _cGB _2CC |
||
| 999 |
_c508784 _d508784 |
||